000 01473nam a2200301 a 4500
001 000029064
003 DO-SdBNP
005 20240207123130.0
006 a||||gr|||| 00| 0
007 ta
008 110413b19uu dr r 000 0 spa d
040 _aDO-SdBNP
_bspa
_cBNPHU
_erda
082 4 _222
_bK17r
100 1 _aKaplan
_954211
_eautor
240 1 0 _aleyes, etc
245 1 0 _aResumen de la legislación dominicana para la inversión extranjera /
_cKaplan, Russin, Vecchi & Heredia Bonetti.
264 _aSanto Domingo :
_bAsociación de Pequeñas y Medianas Empresas,
_c[199?].
300 _a43 páginas ;
_c21 cm.
336 _2rdacontent
_atexto
_btxt
337 _2rdamedia
_asin mediación
_bn
338 _2rdacarrier
_avolumen
_bnc
505 _aI. Las Zonas Francas en la República Dominicana: Beneficios para el inversionista extranjero.--
_tII. Ley No. 861: Ley de Inversión Extanjera de la República Dominicana.--
_tIII. Ley No. 69: Ley de Promoción de Exportaciones de la República Dominicana.--
_tIV. Ley No. 173: Ley de Protección a los Agentes Importadores de Mercancías.--
_tVI. Legislación Laboral en la República Dominicana.--
_tVII. Adquisición de Bienes Inmuebles por Extranjeros en la República Dominicana.--
_tVIII. La Iniciativa para la Cuenca del Caribe.
590 _aInventariado 2024 / MF
700 1 _aRussin,
_952565
_eautor
700 1 _aVecchi,
_952566
_eautor
700 1 _aHeredia Bonetti, Luis
_99316
_eautor
942 _2ddc
_cLF2
999 _c28556
_d28556